TOP 10 des rappeurs français les plus riches - Statistiques

Statistiques générales
  • Ce quiz a été pris 700 fois
  • Le résultat moyen est 6 sur 10
Statistiques - réponses
TOP Fortune Rappeurs % Correct
2 ≈ 22 000 000 € Jul
91%
1 ≈ 48 000 000 € Booba
84%
7 ≈ 5 000 000 € Ninho
81%
8 ≈ 4 400 000 € SCH
67%
3 ≈ 16 000 000 € Maître Gims
53%
9 ≈ 3 000 000 € Damso
49%
5 ≈ 8 000 000 € Dadju
42%
10 ≈ 2 800 000 € Nekfeu
36%
6 ≈ 6 500 000 € Soprano
33%
4 ≈ 11 000 000 € La Fouine
30%
Aucun quiz correspondant
Distribution des résultats
% des personnes avec chaque résultat
Percentile par nombre de réponses
Votre historique - résultats
Vous n’avez pas pris ce quiz